| 000 | 00682 a2200169 4500 | ||
|---|---|---|---|
| 003 | Nust | ||
| 005 | 20221201141541.0 | ||
| 040 | _cNust | ||
| 082 | _a539.7,KRA | ||
| 100 |
_aKnne,S Kenneth _9103927 |
||
| 245 |
_a An introduction to nuclear physics / _cKenneth S Krane |
||
| 260 |
_bNational Book Foundations _aIslamabad |
||
| 300 | _a845:p | ||
| 505 | _aBasic Nuclear Structure (Page-2), Nuclear Decay And Radioactivity (Page-160), Nuclear Reactions (Page-378), Nutron physics (Page-444), Nuclear fission (Page-478), 14.Nuclear fusion (Page-528), Accelators (Page-559), Extensions And Applications (Page-602). | ||
| 650 |
_a nuclear physics _9259 |
||
| 942 |
_2ddc _cBK _k539.7,KRA |
||
| 999 |
_c184506 _d184506 |
||